000 00226nam a2200085Ia 4500
008 170620s9999 xx 000 0 und d
100 _aRaina- M.K
245 0 _aSocial Change and Changes in Creative Functioning
260 _bNew Delhi- NCERT
260 _c2006
999 _c25193
_d25193